000
00333nam a2200133Ia 4500
008
240624s9999 xx 000 0 und d
041
_a
eng
082
_a
828 AMI
100
_a
AMISH
245
_a
IMMORTAL INDIA YOUNG COUNTRY TIMELESS CI
260
_c
2017
_a
New Delhi
_b
Westland
300
_a
xxv, 188 p.; 19 cm.
365
_c
RS
_b
30
999
_c
29525
_d
29525